| 000 | 00877nam a22002297a 4500 | ||
|---|---|---|---|
| 001 | 39413 | ||
| 003 | BD-RjUL | ||
| 005 | 20211209053003.0 | ||
| 008 | 160410s2005 bg ||||| |||| 00| 1 ben d | ||
| 020 |
_a9841105600 _c: Tk. 250.00 |
||
| 035 | _a(BD-RjUL) | ||
| 040 |
_aBD-RjUL _beng _cBD-RjUL |
||
| 041 | _aben | ||
| 082 |
_223 _a891.439 _bHYS 2005 |
||
| 100 |
_aহায়দার, কুররাতুল আইন _9121497 |
||
| 245 |
_aশেষ রাতের সহযাত্রী / _c কুররাতুল আইন হায়দার, জাফর আলম অনুদিত, |
||
| 260 |
_aঢাকা : _bআহমদ পাবলিশিং হাউস, _c২০০৫. |
||
| 300 |
_a২৯৬ পৃ. ; _c২২ সেমি. |
||
| 650 |
_aউর্দু উপন্যাস, _9121498 |
||
| 650 |
_aUrdu Fiction, _9121499 |
||
| 942 |
_2ddc _cBK _01 |
||
| 999 |
_c39413 _d39413 |
||